[Event "AUT-chT2W 1213"]
[Site "Austria"]
[Date "2013.03.08"]
[Round "9.6"]
[White "Sandholzer, Robert"]
[Black "Koell, Hannes"]
[Result "0-1"]
[WhiteElo "2155"]
[BlackElo "2056"]
[PlyCount "58"]
[EventDate "2012.10.05"]
[EventType "team-tourn"]
[EventRounds "11"]
[EventCountry "AUT"]
[SourceTitle "EXT 2014"]
[Source "ChessBase"]
[SourceDate "2013.11.20"]
[SourceVersion "1"]
[SourceVersionDate "2013.11.20"]
[SourceQuality "1"]
[WhiteTeam "Hohenems II"]
[BlackTeam "Schwaz"]
[WhiteTeamCountry "AUT"]
[BlackTeamCountry "AUT"]

1. e4 g6 2. d4 Bg7 3. Nc3 c6 4. Nf3 d5 5. h3 dxe4 6. Nxe4 Nd7 7. Bc4 Ngf6 8. Ng3 0-0 9. 0-0 c5 10. c3 b6 11. Be3 Bb7 12. Qe2 Qc7 13. Rad1 e6 14. Bb3 Nd5 15. Rfe1 Nxe3 16. Qxe3 Nf6 17. dxc5 bxc5 18. Ng5 Nd5 19. Qc1 Rad8 20. N5e4 Nf6 21. Nxf6+ Bxf6 22. Ne4 Bg7 23. Qe3 c4 24. Bc2 Qa5 25. a3 Rd5 26. Nd6 Bc6 27. Nxc4 Qc7 28. Be4 Rxd1 29. Rxd1 Ba4 0-1

[Event "AUT-chT2W 1011"]
[Site "Austria"]
[Date "2010.11.27"]
[Round "5"]
[White "Hamberger, Hermann"]
[Black "Koell, Hannes"]
[Result "1/2-1/2"]
[WhiteElo "2123"]
[BlackElo "2082"]
[PlyCount "59"]
[EventDate "2010.10.15"]
[EventType "team-tourn"]
[EventRounds "11"]
[EventCountry "AUT"]
[SourceTitle "EXT 2012"]
[Source "ChessBase"]
[SourceDate "2011.11.24"]
[SourceVersion "1"]
[SourceVersionDate "2011.11.24"]
[SourceQuality "1"]
[WhiteTeam "Mozart"]
[BlackTeam "Schwaz"]
[WhiteTeamCountry "AUT"]
[BlackTeamCountry "AUT"]

1. e4 g6 2. d4 Bg7 3. Nc3 c6 4. Nf3 d5 5. exd5 cxd5 6. Bb5+ Nc6 7. 0-0 Bg4 8. h3 Bxf3 9. Qxf3 e6 10. Re1 Nge7 11. Bg5 0-0 12. Bxc6 bxc6 13. Rad1 h6 14. Bf6 Bxf6 15. Qxf6 Nf5 16. Qe5 Qb8 17. Na4 Qxe5 18. Rxe5 Rfb8 19. b3 Rb5 20. c3 Nd6 21. Nc5 a5 22. Ree1 Nb7 23. Nxb7 Rxb7 24. Rc1 c5 25. dxc5 Rc8 26. c4 Rxc5 27. cxd5 Rxd5 28. Rc8+ Kg7 29. Rec1 a4 30. bxa4 1/2-1/2

[Event "Tirol-ch 20th"]
[Site "Hall im Tirol "]
[Date "2009.07.02"]
[Round "6"]
[White "Karrer, Georg"]
[Black "Koell, Hannes"]
[Result "1/2-1/2"]
[WhiteElo "1967"]
[BlackElo "2121"]
[PlyCount "51"]
[EventDate "2009.06.27"]
[EventType "swiss"]
[EventRounds "7"]
[EventCountry "AUT"]
[SourceTitle "EXT 2011"]
[Source "ChessBase"]
[SourceDate "2010.11.26"]
[SourceVersion "1"]
[SourceVersionDate "2010.11.26"]
[SourceQuality "1"]

1. e4 g6 2. d4 Bg7 3. Nc3 c6 4. f4 d5 5. Nf3 Bg4 6. e5 e6 7. h3 Bxf3 8. Qxf3 h5 9. Be3 h4 10. 0-0-0 Nh6 11. Bd3 Nf5 12. Bf2 Nd7 13. Ne2 Qa5 14. Kb1 Bf8 15. g4 hxg3 16. Bxg3 Be7 17. h4 0-0-0 18. h5 Rdg8 19. hxg6 fxg6 20. c4 Kb8 21. Bf2 Qd8 22. Qg4 Qe8 23. Rdg1 Nf8 24. Nc3 Qf7 25. cxd5 exd5 26. a3 1/2-1/2

[Event "Tirol-ch 20th"]
[Site "Hall im Tirol "]
[Date "2009.06.30"]
[Round "4"]
[White "Gerhold, Michael"]
[Black "Koell, Hannes"]
[Result "1-0"]
[WhiteElo "2229"]
[BlackElo "2121"]
[PlyCount "107"]
[EventDate "2009.06.27"]
[EventType "swiss"]
[EventRounds "7"]
[EventCountry "AUT"]
[SourceTitle "EXT 2011"]
[Source "ChessBase"]
[SourceDate "2010.11.26"]
[SourceVersion "1"]
[SourceVersionDate "2010.11.26"]
[SourceQuality "1"]

1. Nf3 g6 2. c4 Bg7 3. e4 d6 4. d4 Bg4 5. Be2 Nc6 6. Be3 e5 7. d5 Bxf3 8. Bxf3 Nd4 9. Bxd4 exd4 10. Nd2 Ne7 11. 0-0 0-0 12. b4 c5 13. a3 Qc7 14. Rb1 b6 15. Be2 f5 16. exf5 Nxf5 17. Bd3 Rae8 18. Ne4 Bh6 19. Qg4 Qd8 20. g3 Ng7 21. bxc5 dxc5 22. Qh3 Nh5 23. f4 Qc8 24. Qxc8 Rxc8 25. Rfe1 Rcd8 26. a4 Nf6 27. Nxf6+ Rxf6 28. Re7 Rf7 29. Re6 Bf8 30. Rbe1 Bd6 31. Kg2 Kg7 32. h4 Bc7 33. Rc6 Rd6 34. Re6 Rxe6 35. Rxe6 Rf6 36. Re7+ Rf7 37. Re8 Rf8 38. Rxf8 Kxf8 39. Kf3 Kf7 40. g4 h6 41. g5 h5 42. f5 gxf5 43. Bxf5 Be5 44. Bc2 Bh2 45. Ke4 Bg3 46. Kf5 Bxh4 47. Bd1 Bg3 48. Bxh5+ Kg7 49. Be2 Bh2 50. Bd3 Kf7 51. g6+ Ke7 52. Kg5 Be5 53. Kh6 Kf8 54. Kh7 1-0

[Event "AUT-chT2W 0809"]
[Site "Austria"]
[Date "2009.01.18"]
[Round "8.5"]
[White "Mira, Helene"]
[Black "Koell, Hannes"]
[Result "1/2-1/2"]
[WhiteElo "2115"]
[BlackElo "2105"]
[PlyCount "81"]
[EventDate "2008.10.17"]
[EventType "team-tourn"]
[EventRounds "11"]
[EventCountry "AUT"]
[SourceTitle "EXT 2010"]
[Source "ChessBase"]
[SourceDate "2010.11.25"]
[SourceVersion "1"]
[SourceVersionDate "2010.11.25"]
[SourceQuality "1"]
[WhiteTeam "Bregenz"]
[BlackTeam "Schwaz"]
[WhiteTeamCountry "AUT"]
[BlackTeamCountry "AUT"]

1. Nf3 g6 2. c4 Bg7 3. d4 d6 4. e4 Bg4 5. Be2 Nc6 6. Be3 e5 7. d5 Bxf3 8. Bxf3 Nd4 9. Nc3 Ne7 10. Nb5 c5 11. dxc6 Nexc6 12. Nc3 0-0 13. 0-0 f5 14. exf5 gxf5 15. Bd5+ Kh8 16. f4 Ne7 17. Rf2 Rc8 18. Rc1 b5 19. b3 b4 20. Ne2 Nxd5 21. cxd5 Rxc1 22. Nxc1 Qa5 23. fxe5 dxe5 24. Nd3 Qxd5 25. Nxb4 Qb5 26. Nc2 Rd8 27. Rd2 Qd5 28. Qh5 Qa5 29. Nxd4 exd4 30. Bh6 Bxh6 31. Qxh6 Qe5 32. Qh4 Qe3+ 33. Kf1 Rd7 34. Re2 Qc1+ 35. Kf2 Kg7 36. Re7+ Rxe7 37. Qxe7+ Kg6 38. Qd6+ Kf7 39. Qxd4 Qc2+ 40. Kf3 Qxa2 41. Qd5+ 1/2-1/2

[Event "AUT-chT2W 0708"]
[Site "Austria"]
[Date "2008.01.27"]
[Round "8.5"]
[White "Kranz, Armin"]
[Black "Koell, Hannes"]
[Result "1-0"]
[WhiteElo "2172"]
[BlackElo "2119"]
[PlyCount "95"]
[EventDate "2007.10.06"]
[EventType "team"]
[EventRounds "11"]
[EventCountry "AUT"]
[SourceTitle "EXT 2009"]
[Source "ChessBase"]
[SourceDate "2008.11.26"]
[SourceVersion "1"]
[SourceVersionDate "2008.11.26"]
[SourceQuality "1"]
[WhiteTeam "Goetzis"]
[BlackTeam "Schwaz"]
[WhiteTeamCountry "AUT"]
[BlackTeamCountry "AUT"]

1. d4 g6 2. Nf3 Bg7 3. c4 d6 4. Nc3 Bg4 5. e3 Nc6 6. Be2 Bxf3 7. Bxf3 e5 8. d5 Nce7 9. g4 f5 10. gxf5 Nxf5 11. Qa4+ Kf7 12. c5 Nf6 13. cxd6 cxd6 14. Bd2 a6 15. h4 b5 16. Qb3 h6 17. 0-0-0 Qd7 18. h5 g5 19. Be4 Nxe4 20. Nxe4 Rhc8+ 21. Kb1 Rc4 22. Qd3 Rac8 23. Ng3 Ne7 24. b3 e4 25. Nxe4 Rc2 26. Bc1 Kg8 27. f4 Qc7 28. fxg5 hxg5 29. Nxg5 Qa5 30. Qh7+ Kf8 31. Ne6+ Ke8 32. Nxg7+ Kd7 33. Qxc2 Rxc2 34. Kxc2 Qb4 35. Bb2 Qe4+ 36. Kc1 Nxd5 37. Bd4 Nb4 38. Rh2 Nd3+ 39. Kd2 Nf4 40. Kc3 Nd5+ 41. Kb2 Nxe3 42. Rdd2 Nf1 43. Rhe2 Qd5 44. Ne8 Kc8 45. Nf6 Qf5 46. Rc2+ Kb8 47. Re8+ Kb7 48. Re7+ 1-0

[Event "AUT-chT2W 0708"]
[Site "Austria"]
[Date "2007.11.18"]
[Round "5.5"]
[White "Loeffler, Christoph"]
[Black "Koell, Hannes"]
[Result "0-1"]
[WhiteElo "2172"]
[BlackElo "2119"]
[PlyCount "76"]
[EventDate "2007.10.06"]
[EventType "team"]
[EventRounds "11"]
[EventCountry "AUT"]
[SourceTitle "EXT 2009"]
[Source "ChessBase"]
[SourceDate "2008.11.26"]
[SourceVersion "1"]
[SourceVersionDate "2008.11.26"]
[SourceQuality "1"]
[WhiteTeam "Salzburg"]
[BlackTeam "Schwaz"]
[WhiteTeamCountry "AUT"]
[BlackTeamCountry "AUT"]

1. f4 g6 2. Nf3 Bg7 3. e4 d5 4. exd5 Qxd5 5. Be2 Nf6 6. d4 0-0 7. c4 Qd8 8. Nc3 c5 9. d5 e6 10. 0-0 exd5 11. cxd5 Re8 12. Ne5 Nbd7 13. Nxd7 Bxd7 14. Qb3 b5 15. Bf3 b4 16. Nb1 Bb5 17. Rd1 Be2 18. Bxe2 Rxe2 19. Nd2 Qxd5 20. Qxd5 Nxd5 21. Nc4 Bd4+ 22. Kh1 Nb6 23. Ne5 Re8 24. Nf3 Bxb2 25. Bxb2 Rxb2 26. Ne5 c4 27. a4 f6 28. Ng4 Kg7 29. a5 Nc8 30. Rd7+ Re7 31. Rd8 Rc7 32. Rad1 Re2 33. h4 h5 34. Rxc8 Rxc8 35. Rd7+ Kf8 36. Nxf6 Re6 37. Nd5 c3 38. f5 gxf5 0-1